000 00464nam a2200181Ia 4500
003 LK-CoDNM
008 010623t xxu||||| |||| 00| 1 sin d
040 _aLK-CoDNM
_dLK-CoDNM
_eLK-CoDNM
041 _asin
080 _a294.3 SOM
100 _aSomananda Thero,Amugoda.
245 _aසිත නිවන මඟ
246 _aSita Nivana Maga
260 _bS.Godage
_aColombo
300 _b232p., 21 cm
700 _aSumanasara Thero,Athkadure.
942 _cBK
999 _c142020
_d142020